000 00783nam a2200217 i 4500
001 44743
003 ES-MaACL
005 20260617125144.0
007 t|
008 030324s1952 sp ||||1| spa d
100 _aClaudel, Paul,
_d1868-1955
_9239252
245 1 0 _aCorrespondencia
_b: 1899-1926 /
_cPaul Claudel y André Gide ; prólogo y notas de Robert Mallet ; [traducción del francés por J. Ferrán Mayoral].
250 _a1ª ed.
260 _aBarcelona :
_bJosé Janés,
_c1952 (
_fLa Académica)
300 _a336 p. :
_b2 retr. aut. ;
_c22 cm.
700 1 _aGide, André,
_d1869-1951
_956674
700 1 _aFerrán Mayoral, J.
_950247
700 1 _aMallet, Robert,
_d1915-2002
_975804
852 _aES-MaACL
_jD-7762
_bR.32023
999 _c44743
_d44743